Number of subscribers | Channel |
12,800,000+ | ??? | | 77.8% | 12,200,000+ | ??? | | 72.2% | 10,100,000+ | ??? | | 59.3% | 5,870,000+ | ??? | | 55.6% | 10,570,000+ | ??? | | 51.9% | 3,470,000+ | ??? | | 50% | 9,900,000+ | ??? | | 46.3% | 10,200,000+ | ??? | | 45.4% | 4,820,600+ | ??? | | 45.4% | 2,640,000+ | ??? | | 43.2% | 4,780,000+ | ??? | | 41.7% | 10,510,000+ | ??? | | 38.9% | 5,920,000+ | ??? | | 38.9% | 4,390,000+ | ??? | | 38.9% | 9,200,000+ | ??? | | 38% | 5,600,000+ | ??? | | 38% | 11,600,000+ | ??? | | 38% | 8,000,000+ | ??? | | 37% | 7,000,000+ | ??? | | 37% | 5,375,000+ | ??? | | 37% | 3,206,000+ | ??? | | 36.1% | 3,430,000+ | ??? | | 35.8% | 5,430,000+ | ??? | | 35.2% | 5,700,000+ | ??? | | 35.2% | 5,960,000+ | ??? | | 34.3% | 4,740,000+ | ??? | | 33.3% | 6,410,000+ | ??? | | 33.3% | 5,440,000+ | ??? | | 33.3% | 5,810,000+ | ??? | | 32.4% | 2,800,000+ | ??? | | 32.4% | 6,500,000+ | ??? | | 31.5% | 6,100,000+ | ??? | | 30.6% | 3,220,000+ | ??? | | 30.6% | 3,111,000+ | ??? | | 30.6% |
|
Number of subscribers | Channel |
6,460,000+ | ??? | | 29.6% | 5,000,000+ | ??? | | 29.6% | 2,960,000+ | ??? | | 29.6% | 5,940,000+ | ??? | | 28.7% | 3,298,000+ | ??? | | 28.7% | 2,990,000+ | ??? | | 28.7% | 3,100,000+ | ??? | | 28.7% | 3,296,000+ | ??? | | 28.7% | 3,113,000+ | ??? | | 28.4% | 3,601,000+ | ??? | | 27.8% | 4,830,000+ | ??? | | 26.9% | 2,720,000+ | ??? | | 26.9% | 5,100,000+ | ??? | | 25.9% | 2,500,000+ | ??? | | 25% | 3,700,000+ | ??? | | 25% | 4,100,000+ | ??? | | 24.1% | 3,450,000+ | ??? | | 24.1% | 2,729,000+ | ??? | | 23.5% | 2,600,000+ | ??? | | 23.1% | 4,500,000+ | ??? | | 23.1% | 5,374,000+ | ??? | | 23.1% | 4,370,000+ | ??? | | 23.1% | 4,400,000+ | ??? | | 23.1% | 4,840,000+ | ??? | | 23.1% | 2,670,000+ | ??? | | 23.1% | 4,150,000+ | ??? | | 22.2% | 3,010,000+ | ??? | | 21.3% | 3,000,000+ | ??? | | 21.3% | 3,900,000+ | ??? | | 20.4% | 3,607,000+ | ??? | | 19.8% | 11,300,000+ | ??? | | 19.4% | 6,000,000+ | ??? | | 18.5% | 3,090,000+ | ??? | | 18.5% | 3,180,000+ | ??? | | 18.5% |
|
Number of subscribers | Channel |
3,152,000+ | ??? | | 18.5% | 10,500,000+ | ??? | | 16.7% | 3,480,000+ | ??? | | 16.7% | 5,310,000+ | ??? | | 16% | 4,050,000+ | ??? | | 16% | 3,209,000+ | ??? | | 16% | 3,040,000+ | ??? | | 16% | 2,980,000+ | ??? | | 16% | 2,952,000+ | ??? | | 15.7% | 2,930,000+ | ??? | | 14.8% | 3,190,000+ | ??? | | 14.8% | 2,780,000+ | ??? | | 14.8% | 3,030,000+ | ??? | | 14.8% | 3,300,000+ | ??? | | 14.8% | 2,750,000+ | ??? | | 14.8% | 3,800,000+ | ??? | | 13.9% | 3,060,000+ | ??? | | 13% | 4,600,000+ | ??? | | 13% | 3,640,000+ | ??? | | 13% | 3,440,000+ | ??? | | 13% | 3,670,000+ | ??? | | 12.3% | 2,680,000+ | ??? | | 12% | 2,950,000+ | ??? | | 12% | 3,158,000+ | ??? | | 11.1% | 3,130,000+ | ??? | | 11.1% | 3,680,000+ | ??? | | 11.1% | 3,070,000+ | ??? | | 11.1% | 3,500,000+ | ??? | | 10.2% | 2,690,000+ | ??? | | 9.9% | 3,240,000+ | ??? | | 9.3% | 4,060,000+ | ??? | | 8.6% | 2,710,000+ | ??? | | 7.4% |
|
Comments